| 000 | 00000cas 2200000za 4500 |
| 001 | 9.504341 |
| 003 | CaOODSP |
| 005 | 20260408090452 |
| 007 | cr ||||||||||| |
| 008 | 150406c20159999oncmr p o f0 b0fre| |
| 022 | |a2368-8033 |
| 040 | |aCaOODSP|bfre |
| 043 | |an-cn--- |
| 086 | 1 |aH167-1F-PDF |
| 222 | 0|aInfoVigilance sur les produits de santé |
| 245 | 00|aInfoVigilance sur les produits de santé |h[ressource électronique]. |
| 260 | |aOttawa : |bSanté Canada, Direction des produits de santé commercialisés, |c[2015]- |
| 310 | |aMensuel |
| 362 | 1 |aParaît depuis janv. 2015. |
| 500 | |aPubl. aussi en anglais sous le titre : Health product infoWatch. |
| 691 | 07|aEffet secondaire|2gcpds |
| 691 | 07|aProduit pour les soins de santé|2gcpds |
| 710 | 1 |aCanada. |bSanté Canada. |bDirection des produits de santé commercialisés. |
| 775 | 08|tHealth product infoWatch |w(CaOODSP)9.507963 |
| 986 | |aPub. : 190001 |